|
000
|
01067nam 2200289 450
|
|
001
|
2526
|
|
005
|
20070407133141.95
|
|
010
|
|
@a7-5019-5702-9@dCNY58.00
|
|
100
|
|
@a20070407d2007 km y0chiy0120 ea
|
|
101
|
0
|
@achi
|
|
102
|
|
@aCN@b110000
|
|
105
|
|
@aac z 000yy
|
|
106
|
|
@ar
|
|
200
|
1
|
@a中国顶级茶馆设计图鉴@Azhong guo ding ji cha guan she ji tu jian@d= The illustrated handbook of Chinese top caff design@zeng
|
|
210
|
|
@a北京@c中国轻工业出版社@d2007.01
|
|
215
|
|
@a11, 194页@c图, 肖像@d24cm
|
|
225
|
2
|
@a品茶馆@Apin cha guan
|
|
300
|
|
@a读图时代
|
|
314
|
|
@a责任者取自在版编目
|
|
330
|
|
@a本书以400余幅图片展示了白沙源、茶人村、故园、 和茶馆、老舍茶馆、顺兴老茶馆、梧桐苑会馆的独特风采,介绍了茶馆门头、外围环境、前台、散台区、包间、装饰、灯具、茶具、茶事等的设计特征。
|
|
410
|
0
|
@12001 @a品茶馆
|
|
510
|
1
|
@aIllustrated handbook of Chinese top caff design@zeng
|
|
606
|
0
|
@a茶馆@Acha guan@x建筑设计@y中国@j图集
|
|
690
|
|
@aTU24@v4
|
|
711
|
02
|
@a读书时代@Adu shu shi dai@4编
|
|
801
|
0
|
@aCN@bRULIN@c20070407
|
|
905
|
|
@dTU24@e136
|
|
|
|
|
| |
| 中国顶级茶馆设计图鉴= The illustrated handbook of Chinese top caff design.-北京:中国轻工业出版社,2007.01 |
| 11, 194页:图, 肖像;24cm.-(品茶馆) |
| 读图时代 |
| |
| ISBN 7-5019-5702-9:CNY58.00 |
| 本书以400余幅图片展示了白沙源、茶人村、故园、 和茶馆、老舍茶馆、顺兴老茶馆、梧桐苑会馆的独特风采,介绍了茶馆门头、外围环境、前台、散台区、包间、装饰、灯具、茶具、茶事等的设计特征。 |
| ● |
正题名:中国顶级茶馆设计图鉴
索取号:TU24/136
 
预约/预借
| 序号
|
登录号
|
条形码
|
馆藏地/架位号
|
状态
|
备注
|
|
1
|
294773
|
300294773
|
柳城密-1楼/2架12列4层/
[索取号:TU24/136]
|
在馆
|
|
|
2
|
294774
|
300294774
|
柳城密-1楼/2架12列4层/
[索取号:TU24/136]
|
在馆
|
|
|
3
|
294775
|
300294775
|
柳城密-1楼/2架12列4层/
[索取号:TU24/136]
|
在馆
|
|
|
4
|
294776
|
300294776
|
柳城密-1楼/2架12列4层/
[索取号:TU24/136]
|
在馆
|
|
|
5
|
294777
|
300294777
|
柳城密-1楼/2架12列4层/
[索取号:TU24/136]
|
在馆
|
|